[Event "ICS rated blitz match"]
[Site "204.178.125.65"]
[Date "1999.08.16"]
[Round "?"]
[White "danger"]
[Black "Hossa"]
[Result "0-1"]
[WhiteElo "2153"]
[BlackElo "2411"]
[PlyCount "78"]
[EventDate "1999.??.??"]

1. e4 d5 2. exd5 Qxd5 3. Nc3 Qa5 4. Be2 e5 5. Bf3 Bb4 6. Nge2 Ne7 7. O-O Nbc6
8. a3 Bf5 9. d3 Bxc3 10. Nxc3 O-O-O 11. g3 Nd4 12. Bg2 Qb6 13. Re1 f6 14. a4
Kb8 15. a5 Qe6 16. Be3 Bg4 17. f3 Bh3 18. Bh1 Nef5 19. Bf2 Qf7 20. Ne4 Rhe8 21.
c3 Ne6 22. Qb3 Qe7 23. f4 Rxd3 24. fxe5 Nfd4 25. Qc4 Nf3+ 26. Bxf3 Rxf3 27.
exf6 gxf6 28. a6 b6 29. Qd5 c6 30. Qxc6 Nd8 31. Qd5 Rf5 32. Qd2 Re5 33. Nd6 Rg8
34. Rxe5 fxe5 35. Qd5 Qe6 36. Qxe5 Qxe5 37. Rd1 Qe2 38. Re1 Qf3 39. Re3 39...
Qg2# {danger checkmated} 0-1

[Event "ICS rated blitz match"]
[Site "204.178.125.65"]
[Date "1999.08.16"]
[Round "?"]
[White "Hossa"]
[Black "Panthee"]
[Result "1-0"]
[WhiteElo "2417"]
[BlackElo "2169"]
[PlyCount "49"]
[EventDate "1999.??.??"]

1. g3 d5 2. d4 Nf6 3. Bg2 Bf5 4. c3 e6 5. Qb3 b6 6. Qa4+ Qd7 7. Qxd7+ Nbxd7 8.
Bf4 c5 9. e3 Be7 10. Nf3 h6 11. O-O O-O 12. h3 Rfc8 13. g4 Bh7 14. Nbd2 cxd4
15. exd4 Ne4 16. Nxe4 Bxe4 17. Rfe1 Nb8 18. Re3 Nc6 19. Rae1 Na5 20. b3 Rc6 21.
Ne5 Bxg2 22. Nxc6 Nxc6 23. Kxg2 Rc8 24. Bg3 Na5 25. f4 {Panthee resigns} 1-0

[Event "ICS Rated blitz match"]
[Site "204.178.125.65"]
[Date "1999.08.16"]
[Round "?"]
[White "Hossa"]
[Black "blunite"]
[Result "1/2-1/2"]
[WhiteElo "2423"]
[BlackElo "2240"]
[PlyCount "159"]
[EventDate "1999.??.??"]

1. d4 Nf6 2. c4 e6 3. Nc3 Bb4 4. Bg5 c5 5. d5 h6 6. Bxf6 Qxf6 7. Qc2 Bxc3+ 8.
Qxc3 Qxc3+ 9. bxc3 e5 10. e4 d6 11. Rb1 O-O 12. a3 Nd7 13. g4 Nf6 14. f3 Rb8
15. Bd3 Bd7 16. Ne2 g6 17. h4 Ne8 18. h5 Kg7 19. Kd2 g5 20. a4 Nc7 21. a5 b6
22. axb6 axb6 23. Rb2 Rb7 24. Rhb1 Rfb8 25. Ng3 Kf6 26. Nf5 Bxf5 27. exf5 Na8
28. Ke3 Nc7 29. Rb3 Na8 30. Ra3 Nc7 31. Kd2 Ke7 32. Rab3 f6 33. Ke3 Kd8 34. Ke4
Na6 35. Be2 Kc7 36. Ra3 Ra8 37. Rb5 Rba7 38. Rab3 Rb7 39. Kd3 Nb8 40. Ke3 Ra2
41. Bd3 Nd7 42. Ke4 Rba7 43. Rb1 Rd2 44. Ke3 Raa2 45. R5b3 Rh2 46. Bf1 Rac2 47.
Ke4 Rhf2 48. Bd3 Ra2 49. Rb5 Ra3 50. R1b3 Rfa2 51. Ke3 Rxb3 52. Rxb3 Kb7 53.
Ke4 Nb8 54. Bb1 Re2+ 55. Kd3 Re1 56. Kd2 Rh1 57. Rb5 Rf1 58. Ke2 Rc1 59. Kd3
Rf1 60. Ke3 Na6 61. Rb3 Nc7 62. Ke2 Rh1 63. Kf2 Rc1 64. Kg2 Rd1 65. Kg3 Rd2 66.
Be4 Re2 67. Bd3 Rd2 68. Bf1 Ka7 69. Bg2 Kb7 70. Bh3 Ka7 71. Ra3+ Kb7 72. Bf1
Na6 73. Rb3 Nc7 74. Kh3 Na8 75. Rb5 Nc7 76. Rb3 Rc2 77. Bd3 Rd2 78. Bb1 Rf2 79.
Kg3 Rd2 80. Be4 {Game drawn by mutual agreement} 1/2-1/2

[Event "ICS Rated blitz match"]
[Site "204.178.125.65"]
[Date "1999.08.16"]
[Round "?"]
[White "blunite"]
[Black "Hossa"]
[Result "0-1"]
[WhiteElo "2212"]
[BlackElo "2415"]
[Annotator "saj"]
[PlyCount "64"]
[EventDate "1999.??.??"]

1. d4 d5 2. e4 c6 3. Nc3 Nf6 ({RR} 3... h6 4. Nf3 dxe4 5. Nxe4 Bf5 6. Ng3 Bh7
7. Bd3 Bxd3 8. Qxd3 e6 9. Bd2 Nd7 10. O-O-O Qc7 11. Qe2 Ngf6 12. Ne5 Nxe5 13.
dxe5 Nd7 14. f4 g6 15. Ne4 O-O-O 16. Be3 Be7 17. Qf2 b6 18. Bd4 {
Dimitrov,V-Andonov,B/BUL-ch 1995/EXT 97/1-0 (65)}) 4. e5 Nfd7 ({RR} 4... Ne4 5.
Nge2 Nxc3 6. Nxc3 Be6 7. Be3 Nd7 8. Be2 f6 9. exf6 exf6 10. Bh5+ g6 11. Be2 Be7
12. Qd2 c5 13. Bb5 b6 14. Bc6 Rc8 15. Bxd5 Bxd5 16. Nxd5 cxd4 17. Bxd4 O-O 18.
O-O Bc5 19. Bxc5 Nxc5 20. Rfe1 Qd6 21. Ne7+ Qxe7 22. Rxe7 Rfd8 23. Qh6 Ne6 24.
Qxh7+ {1-0 Ernst,M-Hackbarth,E/Koestendorf 1998/EXT 99 (24)}) 5. Nf3 5... f6
$146 ({RR} 5... e6 6. a3 ({RR} 6. Bg5 6... Be7 7. Bxe7 Qxe7 8. Be2 c5 9. Nb5
Nb6 10. Nd6+ Kd8 11. Ng5 Kc7 12. Ngxf7 Rf8 13. dxc5 N6d7 14. Nb5+ Kc6 15. Nd4+
Kxc5 16. Qd2 Qxf7 17. Qa5+ Kxd4 18. Qc3+ Ke4 19. Qe3+ Kf5 20. Bd3+ Kg4 21. Qg3+
Kh5 22. Be2+ Kh6 23. Qh4+ {1-0 Geanta,H-Andrade,I/Duisburg 1992/TD (23)}) 6...
c5 7. Bf4 Nc6 8. Bb5 Qb6 9. Bxc6 Qxc6 10. O-O Be7 11. Ne2 Nb6 12. b3 O-O 13.
Rc1 c4 14. a4 a5 15. Re1 Bd7 16. Ng3 Nc8 17. Nh5 Re8 18. Qd2 Kh8 19. Re3 Qc7
20. Ng5 Bxg5 21. Bxg5 Ne7 22. Rg3 Ng6 23. Re1 Rg8 24. Nf4 Rac8 25. Nxg6+ fxg6
26. Qf4 {- Bolasos,S-Zafra Bustos,K/Pan American-ch 1997/EXT 99 (26)}) 6. Bf4
fxe5 7. dxe5 Qb6 8. Rb1 e6 9. Bd3 Bc5 10. O-O O-O 11. Bg3 Qd8 12. Bh4 Be7 13.
Bg3 Nc5 14. Qe2 Nba6 15. a3 Bd7 16. Rfe1 Nc7 17. Rbc1 a6 18. Nd1 Be8 19. Nd4
Nb5 20. Nxb5 axb5 21. Ne3 b4 22. axb4 Nxd3 23. Qxd3 Bxb4 24. c3 Bc5 25. Ra1
Rxa1 26. Rxa1 Bg6 27. Qe2 Qg5 28. Nc2 Be4 29. Nd4 Qg6 30. h3 h5 31. Qe3 h4 32.
f3 32... Qxg3 {blunite resigns} 0-1

[Event "ICS Rated blitz match"]
[Site "204.178.125.65"]
[Date "1999.08.16"]
[Round "?"]
[White "Panthee"]
[Black "Hossa"]
[Result "0-1"]
[WhiteElo "2144"]
[BlackElo "2423"]
[PlyCount "46"]
[EventDate "1999.??.??"]

1. e4 d5 2. exd5 Qxd5 3. Nc3 Qa5 4. d4 Bf5 5. Nf3 e6 6. Be2 Bb4 7. O-O Bxc3 8.
bxc3 Qxc3 9. Bd2 Qb2 10. Rb1 Qxa2 11. Rxb7 Bxc2 12. Qc1 Ba4 13. Rxc7 Nc6 14.
Qc3 Qd5 15. Ra1 Qd6 16. Rxa4 Qxc7 17. Bb5 Nge7 18. Ne5 Rb8 19. Bxc6+ Nxc6 20.
Rc4 Nxd4 21. Qxd4 Rb1+ 22. Bc1 Rxc1+ 23. Rxc1 23... Qxc1+ {Panthee resigns} 0-1

[Event "ICS Rated blitz match"]
[Site "204.178.125.65"]
[Date "1999.08.16"]
[Round "?"]
[White "Hossa"]
[Black "Panthee"]
[Result "1-0"]
[WhiteElo "2428"]
[BlackElo "2139"]
[PlyCount "65"]
[EventDate "1999.??.??"]

1. g3 d5 2. d4 Nf6 3. Bg2 Bf5 4. c3 c6 5. Nd2 e6 6. f3 Be7 7. e4 Bg6 8. Ne2 O-O
9. O-O Nbd7 10. e5 Ne8 11. f4 f6 12. Nf3 fxe5 13. fxe5 Be4 14. Be3 g6 15. Bh6
Ng7 16. Nf4 Rxf4 17. Bxf4 Nf5 18. Qd2 c5 19. g4 Ng7 20. Bh6 cxd4 21. cxd4 Rc8
22. Rac1 Nb6 23. Rxc8 Qxc8 24. Rf2 Nc4 25. Qd1 Qd7 26. Qe2 a6 27. b3 Na5 28.
Bh3 Nc6 29. Qe3 Nb4 30. Ng5 Bxg5 31. Qxg5 Nd3 32. Rf1 b5 33. Qf6 {
Panthee resigns} 1-0

[Event "ICS Rated blitz match"]
[Site "204.178.125.65"]
[Date "1999.08.16"]
[Round "?"]
[White "Hossa"]
[Black "sicillianknight"]
[Result "0-1"]
[WhiteElo "2433"]
[BlackElo "2773"]
[PlyCount "90"]
[EventDate "1999.??.??"]

1. d4 Nf6 2. c4 e6 3. Nc3 Bb4 4. Bg5 h6 5. Bh4 c5 6. d5 Bxc3+ 7. bxc3 d6 8.
Qa4+ Qd7 9. Qb3 Qe7 10. e3 O-O 11. Bd3 Nbd7 12. Ne2 Ne5 13. Bc2 b6 14. Qa4 Bd7
15. Qa6 exd5 16. cxd5 g5 17. Bg3 Nxd5 18. Qb7 Bc6 19. Qxe7 Nxe7 20. O-O Bb5 21.
Rfe1 Bxe2 22. Rxe2 Nd5 23. Rd2 Nxc3 24. Rxd6 Ne2+ 25. Kf1 Nxg3+ 26. hxg3 Kg7
27. Rad1 Rac8 28. Bf5 Rc6 29. R6d5 Kf6 30. e4 Re8 31. g4 Re7 32. Ke2 c4 33. g3
Nd3 34. Rh1 Kg7 35. a3 Rc5 36. Rd6 f6 37. Rd4 b5 38. f3 a5 39. Rh5 b4 40. axb4
axb4 41. Ke3 b3 42. Rd8 c3 43. Kxd3 c2 44. Rh1 b2 45. Rxh6 45... Kxh6 {
Hossa resigns} 0-1

[Event "ICS Rated blitz match"]
[Site "204.178.125.65"]
[Date "1999.08.16"]
[Round "?"]
[White "BvdDonk"]
[Black "Hossa"]
[Result "0-1"]
[WhiteElo "2027"]
[BlackElo "2428"]
[PlyCount "94"]
[EventDate "1999.??.??"]

1. e4 d5 2. exd5 Qxd5 3. Nc3 Qa5 4. Bc4 Nf6 5. d4 Qb4 6. Bb3 Bg4 7. f3 Bf5 8.
Nge2 Nbd7 9. O-O e5 10. dxe5 Bc5+ 11. Kh1 Nxe5 12. Bf4 Rd8 13. Qc1 Bd6 14. a3
Qa5 15. Ng3 Bd7 16. Re1 O-O 17. Nce4 Nxe4 18. Nxe4 Rfe8 19. Nxd6 cxd6 20. Qd2
Qxd2 21. Bxd2 Be6 22. Bxe6 Rxe6 23. Kg1 Rde8 24. Bc3 Nc4 25. Rxe6 Rxe6 26. Kf2
d5 27. Re1 Rxe1 28. Kxe1 Ne3 29. Kf2 Nxc2 30. Ke2 d4 31. Bd2 Na1 32. Kd3 Nb3
33. Be1 a5 34. Bf2 f5 35. Bxd4 b5 36. Bc3 a4 37. Be5 Na5 38. Kc3 Nc6 39. Bd6
Kf7 40. Kd3 g5 41. g4 Ke6 42. Bf8 Ne5+ 43. Kc3 f4 44. Kb4 Nxf3 45. Kxb5 Nd4+
46. Kc4 f3 47. Kd3 47... f2 {BvdDonk resigns} 0-1

[Event "ICS Rated blitz match"]
[Site "204.178.125.65"]
[Date "1999.08.16"]
[Round "?"]
[White "Hossa"]
[Black "sicillianknight"]
[Result "0-1"]
[WhiteElo "2431"]
[BlackElo "2798"]
[PlyCount "68"]
[EventDate "1999.??.??"]

1. d4 Nf6 2. c4 e6 3. Nc3 Bb4 4. Bg5 h6 5. Bh4 c5 6. d5 Bxc3+ 7. bxc3 d6 8.
Qa4+ Qd7 9. Qb3 Qe7 10. Bxf6 Qxf6 11. e4 O-O 12. Bd3 Qg5 13. g3 Qf6 14. Rb1 Nd7
15. f4 Nb6 16. Nf3 Qe7 17. Kf2 exd5 18. exd5 Bh3 19. Rhe1 Qd7 20. Qb5 Qd8 21.
Kg1 Qf6 22. Rb3 g5 23. Re4 Bd7 24. Qa5 Bf5 25. fxg5 hxg5 26. Re3 Rae8 27. Rxe8
Rxe8 28. Bf1 Bd3 29. Bg2 g4 30. Rb2 gxf3 31. Rf2 Re1+ 32. Bf1 Bxf1 33. h3 Bg2+
34. Kh2 34... Rh1# {Hossa checkmated} 0-1

[Event "ICS Rated blitz match"]
[Site "204.178.125.65"]
[Date "1999.08.16"]
[Round "?"]
[White "sicillianknight"]
[Black "Hossa"]
[Result "1-0"]
[WhiteElo "2801"]
[BlackElo "2428"]
[PlyCount "31"]
[EventDate "1999.??.??"]

1. d4 d5 2. c4 dxc4 3. Nf3 Nf6 4. e3 e6 5. Bxc4 c5 6. O-O a6 7. Qe2 b5 8. Bd3
Bd6 9. dxc5 Bxc5 10. e4 Nc6 11. e5 Nd7 12. Be4 Bb7 13. Rd1 Qc7 14. Bf4 Rd8 15.
Nbd2 f5 16. exf6 {Hossa resigns} 1-0

[Event "ICS Rated blitz match"]
[Site "204.178.125.65"]
[Date "1999.08.16"]
[Round "?"]
[White "Hossa"]
[Black "versalles"]
[Result "0-1"]
[WhiteElo "2425"]
[BlackElo "2686"]
[PlyCount "109"]
[EventDate "1999.??.??"]

1. d4 Nf6 2. c4 e6 3. Nf3 b6 4. Nc3 Bb7 5. Bg5 h6 6. Bxf6 Qxf6 7. e4 Bb4 8. e5
Qg6 9. Qe2 Qf5 10. a3 Bxf3 11. Qxf3 Qxf3 12. gxf3 Bxc3+ 13. bxc3 c5 14. f4 Nc6
15. d5 Ne7 16. Bd3 g5 17. fxg5 hxg5 18. Kd2 O-O-O 19. Rag1 Rdg8 20. Be4 Rh4 21.
Kd3 Ng6 22. Bxg6 Rxg6 23. Rg2 d6 24. exd6 Kd7 25. Rhg1 Kxd6 26. Rxg5 Rxg5 27.
Rxg5 Rxh2 28. Ke2 Rh4 29. Kd3 f6 30. Rg8 exd5 31. cxd5 Kxd5 32. c4+ Kc6 33. a4
Rf4 34. Rg7 a5 35. Rg2 Kd6 36. Rh2 Rf3+ 37. Ke4 Rc3 38. Kf5 Rxc4 39. Rh6 Rxa4
40. Rxf6+ Kc7 41. Rf7+ Kc6 42. Rf6+ Kb5 43. f4 Ra1 44. Re6 c4 45. Kf6 c3 46.
Re2 Kc4 47. Rg2 Kb3 48. Rg3 a4 49. Kf7 a3 50. f5 Rf1 51. Ke7 a2 52. Rg6 b5 53.
Rb6 b4 54. Rh6 a1=Q 55. Rg6 {Hossa resigns} 0-1

[Event "ICS Rated blitz match"]
[Site "204.178.125.65"]
[Date "1999.08.16"]
[Round "?"]
[White "Hossa"]
[Black "Sidis"]
[Result "1-0"]
[WhiteElo "2419"]
[BlackElo "2106"]
[PlyCount "139"]
[EventDate "1999.??.??"]

1. d4 f5 2. c4 Nf6 3. Nc3 d6 4. Bg5 Nbd7 5. Bxf6 Nxf6 6. e3 g6 7. Nf3 Bg7 8.
Bd3 O-O 9. O-O c6 10. Qe2 Qc7 11. Rac1 e5 12. Bb1 e4 13. Ng5 h6 14. Nh3 g5 15.
a4 Qe7 16. b3 Bd7 17. a5 a6 18. b4 Be8 19. f4 g4 20. Nf2 Bd7 21. Na4 h5 22. Nb6
Rad8 23. Nxd7 Nxd7 24. Rc2 Ra8 25. Ba2 Bf6 26. Re1 Kg7 27. Nh1 h4 28. Nf2 Kf7
29. Bb3 Rg8 30. Rd2 Rg7 31. Nd1 h3 32. g3 Kg8 33. Qf2 Kh8 34. Ba2 Rgg8 35. Nc3
Qg7 36. Bb3 Rgc8 37. Red1 Kh7 38. Qe2 Kh6 39. Rb2 Rd8 40. Qf2 Rac8 41. Rbd2 Kh5
42. Re1 Kh6 43. Rde2 Kh5 44. Rb2 Kh6 45. Rbb1 Qh8 46. Ne2 Kg6 47. Red1 Qg7 48.
Rd2 Qh8 49. b5 Ra8 50. bxc6 bxc6 51. Ba4 Rdc8 52. Rb7 Qd8 53. Ra2 Rab8 54. Rxb8
Nxb8 55. Bb3 Qc7 56. Nc3 Nd7 57. Qd2 Rb8 58. Bc2 Rb7 59. Qd1 Qb8 60. Nxe4 fxe4
61. Qxg4+ Kf7 62. Qxh3 d5 63. Qh7+ Ke6 64. c5 Nxc5 65. Qh3+ Ke7 66. dxc5 Rb2
67. Qh7+ Ke6 68. f5+ Ke5 69. Qd7 Rxa2 70. Qe6# {Sidis checkmated} 1-0

[Event "ICS Rated blitz match"]
[Site "204.178.125.65"]
[Date "1999.08.16"]
[Round "?"]
[White "Hossa"]
[Black "wooog"]
[Result "0-1"]
[WhiteElo "2427"]
[BlackElo "2673"]
[PlyCount "93"]
[EventDate "1999.??.??"]

1. d4 d5 2. c4 e6 3. Nc3 Nf6 4. cxd5 exd5 5. Nf3 Be7 6. Bg5 O-O 7. e3 b6 8. Ne5
c5 9. Bb5 Bb7 10. O-O a6 11. Ba4 Ra7 12. Qf3 cxd4 13. exd4 b5 14. Bc2 Nc6 15.
Nxc6 Bxc6 16. Rac1 Re8 17. Qh3 h6 18. Bxh6 gxh6 19. Qxh6 Bf8 20. Qg5+ Bg7 21.
Rfe1 Rae7 22. Re3 Rxe3 23. fxe3 Qe7 24. Nd1 Qb4 25. Bd3 Qd2 26. Rxc6 Qxd1+ 27.
Bf1 Ng4 28. Rxa6 Nxe3 29. Rf6 Kf8 30. Qf4 Bxf6 31. Qxf6 Qe1 32. Qh6+ Ke7 33.
Qf4 Nxf1 34. Qxf1 Qe3+ 35. Qf2 Qc1+ 36. Qf1 Qxb2 37. a3 Rc8 38. Qe1+ Kd7 39.
Kf1 Rc1 40. Qxc1 Qxc1+ 41. Ke2 Qxa3 42. Kd1 b4 43. h4 Qd3+ 44. Ke1 b3 45. Kf2
b2 46. g3 b1=Q 47. h5 {Hossa resigns} 0-1

[Event "ICS Rated blitz match"]
[Site "204.178.125.65"]
[Date "1999.08.16"]
[Round "?"]
[White "Secret"]
[Black "Hossa"]
[Result "1-0"]
[WhiteElo "2615"]
[BlackElo "2421"]
[PlyCount "135"]
[EventDate "1999.??.??"]

1. d4 d5 2. c4 c6 3. cxd5 cxd5 4. Nc3 Nc6 5. Bf4 Bg4 6. f3 Bh5 7. e3 e6 8. Bd3
Bd6 9. Nge2 Qh4+ 10. Bg3 Bxg3+ 11. Nxg3 Nge7 12. O-O O-O 13. e4 dxe4 14. Bxe4
Bg6 15. Rc1 Rfd8 16. Nce2 Rac8 17. Qd2 e5 18. Bxc6 Rxc6 19. Qa5 Rb6 20. Qxa7
Rxb2 21. Qa3 Rb5 22. Nc3 Rb6 23. dxe5 Bd3 24. Nce2 Ra6 25. Qb3 Bxe2 26. Nxe2
Rh6 27. h3 Nc6 28. f4 Rd2 29. Qxb7 Qd8 30. Rxc6 Rxc6 31. Qxc6 Rxe2 32. Rf2 Re1+
33. Kh2 h6 34. Rb2 Rf1 35. Qd6 Rd1 36. Qxd8+ Rxd8 37. g3 Kf8 38. Kg2 Ke7 39. a4
Ra8 40. Rb4 Ra7 41. Kf3 f6 42. Rd4 Rc7 43. Re4 Rc3+ 44. Re3 Rc4 45. exf6+ Kxf6
46. Ra3 g5 47. a5 Rc7 48. a6 Ra7 49. fxg5+ hxg5 50. Kg4 Kg6 51. Ra1 Kh6 52. Ra5
Kg6 53. Rxg5+ Kf7 54. Ra5 Ke6 55. h4 Kd6 56. h5 Kc7 57. h6 Kb6 58. Ra1 Kc5 59.
Kf5 Kd6 60. Kg6 Ra8 61. h7 Ke5 62. a7 Ke6 63. Kg7 Rd8 64. a8=Q Rd4 65. Qc6+ Rd6
66. Re1+ Kf5 67. Qf3+ Kg5 68. Re5# {Hossa checkmated} 1-0

[Event "ICS Rated blitz match"]
[Site "204.178.125.65"]
[Date "1999.08.16"]
[Round "?"]
[White "Hossa"]
[Black "Beadle"]
[Result "0-1"]
[WhiteElo "2413"]
[BlackElo "2660"]
[PlyCount "118"]
[EventDate "1999.??.??"]

1. d4 Nf6 2. Nf3 d5 3. c4 c6 4. Nc3 dxc4 5. Bg5 Qa5 6. Qd2 b5 7. a3 b4 8. Na2
c3 9. bxc3 bxa3 10. Qc1 h6 11. Bxf6 exf6 12. e4 Bd6 13. Nd2 Be6 14. Nc4 Bxc4
15. Bxc4 Nd7 16. Rb1 Qa4 17. Bd3 O-O 18. O-O Rab8 19. Qd2 a5 20. c4 Rxb1 21.
Rxb1 Rb8 22. Rxb8+ Bxb8 23. Bf1 Bd6 24. Qd3 c5 25. d5 Ne5 26. Qe2 Qb3 27. f4
Nd7 28. g3 Qb2 29. Qf2 g5 30. Qe2 Qxe2 31. Bxe2 gxf4 32. g4 a4 33. Kg2 Kf8 34.
h4 Ne5 35. Nc3 Bc7 36. Kf2 Ke7 37. Na2 Ba5 38. Kg1 f3 39. Bd1 Be1 40. Kf1 Bxh4
41. Nc3 Nxg4 42. Bxf3 Ne3+ 43. Ke2 Nxc4 44. Kd3 Ne5+ 45. Ke2 c4 46. Bg2 Nd3 47.
Na2 Bf2 48. Kf3 Bd4 49. Bf1 Kd6 50. Bxd3 cxd3 51. Nb4 h5 52. Na2 h4 53. Nb4 h3
54. Nc6 h2 55. Kg2 a2 56. Kxh2 a1=Q 57. Kg2 Qg1+ 58. Kh3 Bf2 59. Nd4 59... Qg3#
{Hossa checkmated} 0-1

[Event "ICS rated blitz match"]
[Site "204.178.125.65"]
[Date "1999.08.16"]
[Round "?"]
[White "newfisher"]
[Black "Hossa"]
[Result "1/2-1/2"]
[WhiteElo "2051"]
[BlackElo "2407"]
[PlyCount "56"]
[EventDate "1999.??.??"]

1. d4 Nf6 2. e3 d5 3. Nf3 Bg4 4. c4 c6 5. cxd5 cxd5 6. Qb3 Bxf3 7. Qxb7 Nbd7 8.
gxf3 Rc8 9. Nc3 Rc7 10. Qa6 e6 11. f4 Bb4 12. Bd2 O-O 13. Qa4 Qe7 14. a3 Bxc3
15. Bxc3 Rfc8 16. Bd3 Ng4 17. h4 Ndf6 18. Qd1 Qd6 19. Rg1 Nh6 20. f3 Rc6 21.
Qd2 Kh8 22. Qg2 Qf8 23. Rc1 Rb6 24. Kd2 Rb3 25. Rc2 Qg8 26. Ba6 Rc6 27. Bd3 Rc8
28. Ba6 28... Rc6 {Game drawn by mutual agreement} 1/2-1/2

[Event "ICS rated blitz match"]
[Site "204.178.125.65"]
[Date "1999.08.16"]
[Round "?"]
[White "Lundbotanmats"]
[Black "Hossa"]
[Result "0-1"]
[WhiteElo "2070"]
[BlackElo "2395"]
[PlyCount "52"]
[EventDate "1999.??.??"]

1. c4 e6 2. Nc3 d5 3. cxd5 exd5 4. d3 d4 5. Ne4 Nc6 6. Nf3 Bb4+ 7. Bd2 Nge7 8.
a3 Bxd2+ 9. Nexd2 Nd5 10. g3 O-O 11. Bg2 Bg4 12. O-O Qd7 13. Nc4 Rfe8 14. Re1
b5 15. Ncd2 Bh3 16. Ne4 Bxg2 17. Kxg2 a6 18. Nc5 Qg4 19. h3 Nf4+ 20. Kg1 Nxh3+
21. Kh2 Nxf2 22. Qc2 Qh3+ 23. Kg1 Qxg3+ 24. Kf1 Nh3 25. e4 Qxf3+ 26. Qf2 26...
Qxf2# {Lundbotanmats checkmated} 0-1

[Event "ICS rated blitz match"]
[Site "204.178.125.65"]
[Date "1999.08.16"]
[Round "?"]
[White "Hossa"]
[Black "Esen"]
[Result "1-0"]
[WhiteElo "2397"]
[BlackElo "2018"]
[Annotator "Fritz 5.32 (15s)"]
[PlyCount "19"]
[EventDate "1999.??.??"]

1. d4 1... Nf6 {Opening = E30 - 4.Bg5(h6 5.Bh4 c5 6.d5 ---)} 2. c4 e6 3. Nc3
Bb4 4. Bg5 Bxc3+ 5. bxc3 h6 (5... d6 6. f3 Nbd7 7. e4 Nf8 8. Bd3 h6 9. Be3 Ng6
10. Ne2 e5 11. Qd2 Qe7 12. Ng3 Nh4 13. O-O g5 14. Rab1 b6 15. a4 a5 16. c5 bxc5
17. Bb5+ Bd7 18. dxc5 Bxb5 19. Rxb5 O-O 20. c4 {
Keene,R-Bachtiar,A/Surakarta 1982/MCD/1-0 (38)}) (5... Qe7 6. Nf3 O-O 7. e3 d6
8. Bd3 h6 9. Bh4 e5 10. Bxf6 Qxf6 11. O-O Nc6 12. Qc2 Qe7 13. e4 b6 14. d5 Na5
15. h3 Ba6 16. Qe2 Nb7 17. Nd2 Nc5 18. Bc2 Rac8 19. f4 exf4 20. Rxf4 Nd7 21.
Qe3 Ne5 22. Bb3 Rce8 23. Re1 Qg5 24. Nf3 Nxf3+ 25. Qxf3 Re5 26. Rg4 Qe7 27. Qf4
f5 28. Rg6 Kh7 29. Rg3 fxe4 30. Qe3 Bc8 31. Bc2 Bf5 32. Qe2 Kh8 33. Re3 Bh7 34.
Qg4 Bf5 35. Qe2 {- Heuer,F-Starke,R/Leipzig 1998/EXT 99 (35)}) 6. Bxf6 Qxf6 7.
e4 $146 (7. Nf3 b6 8. g3 O-O 9. Bg2 Bb7 10. O-O Be4 11. Nd2 Bxg2 12. Kxg2 d6
13. f4 c5 14. Nf3 Nc6 15. e4 Na5 16. Qd3 Rac8 17. d5 Qe7 18. Nd2 f6 19. Rfe1 e5
20. f5 Qd7 21. a4 21... Kf7 {Miralles,A-Mateos,R/Cajas 1989/EXT 97/ - (57)})
7... d6 8. Bd3 Nd7 9. Ne2 e5 10. f4 (10. f4 exf4 11. O-O $15) 1-0

[Event "ICS rated blitz match"]
[Site "204.178.125.65"]
[Date "1999.08.16"]
[Round "?"]
[White "Hossa"]
[Black "Esen"]
[Result "1/2-1/2"]
[WhiteElo "2403"]
[BlackElo "2012"]
[PlyCount "243"]
[EventDate "1999.??.??"]

1. d4 Nf6 2. c4 e6 3. Nc3 Bb4 4. Bg5 Bxc3+ 5. bxc3 h6 6. Bxf6 Qxf6 7. e4 d6 8.
Bd3 e5 9. Qf3 Qxf3 10. Nxf3 Nc6 11. Rb1 b6 12. Ke2 Bg4 13. d5 Na5 14. Rb2 Bxf3+
15. Kxf3 Ke7 16. g3 Nb7 17. Ke2 Nc5 18. Rhb1 g5 19. a3 Rag8 20. Rb4 a5 21. R4b2
f6 22. f3 h5 23. Ke3 h4 24. g4 Rf8 25. h3 Rd8 26. Rb5 Rdf8 27. Kd2 Rd8 28. R5b2
Ra8 29. Ke2 Rhf8 30. Ke3 Rh8 31. Bc2 Rhf8 32. Kd2 Rh8 33. Bd3 Rhf8 34. Rb5 Rh8
35. Ke2 Rhf8 36. Ke3 Rh8 37. Bc2 Rhf8 38. R1b2 Rh8 39. Kd2 Rhf8 40. Bd3 Rh8 41.
Kc2 Rhf8 42. Rb1 Rh8 43. R5b2 Rhf8 44. Be2 Rh8 45. Rb5 Rhf8 46. Kd2 Rh8 47. Ke3
Rhf8 48. R1b2 Rh8 49. Bd1 Rhf8 50. Bb3 Rh8 51. Bc2 Rhf8 52. Ke2 Rfb8 53. Bd3
Rf8 54. Ke3 Rfd8 55. Bf1 Rg8 56. Rb1 Rgd8 57. Rc1 Rf8 58. Bg2 Rh8 59. Rcb1 Rhd8
60. Kd2 Rh8 61. Bf1 Rhg8 62. R5b2 Rh8 63. Be2 Rhf8 64. Ke3 Rfd8 65. Bd1 Rf8 66.
Rb5 Rfd8 67. Kd2 Rf8 68. Bc2 Rh8 69. Ke2 Rhg8 70. R5b2 Rge8 71. a4 Red8 72. Ke3
Rf8 73. Rb5 Rg8 74. R1b2 Rh8 75. Bd1 Rhg8 76. Bb3 Rgf8 77. Rb1 Rfe8 78. Bd1
Red8 79. R5b2 Rdc8 80. Bb3 Rd8 81. Kd2 Re8 82. Bc2 Rf8 83. Rb5 Rg8 84. R1b2 Rh8
85. Ke3 Rhg8 86. Ke2 Rgf8 87. Kf2 Rfe8 88. Ke1 Red8 89. Kd1 Rdc8 90. Bb3 Rd8
91. Ke2 Re8 92. Kd2 Rf8 93. Ke3 Rg8 94. Ra2 Rh8 95. Ra3 Rhg8 96. Kd2 Rgf8 97.
Ra1 Rfe8 98. Rb1 Red8 99. Ke2 Rdc8 100. Ke3 Rd8 101. Rf1 Re8 102. Bc2 Red8 103.
Rb2 Rdc8 104. Kf2 Rd8 105. Rfb1 Re8 106. Rb5 Rf8 107. Ke1 Rg8 108. Ke2 Rh8 109.
Kd1 Rhg8 110. R5b2 Rgf8 111. Ke1 Rfe8 112. Kf2 Red8 113. Kg2 Rdc8 114. Kf1 Rd8
115. Rb5 Re8 116. R1b2 Red8 117. Kg2 Re8 118. Rb1 Rf8 119. Kf2 Rg8 120. Ke3 Rh8
121. R5b2 Rhg8 122. Bb3 {Game drawn by the 50 move rule} 1/2-1/2

[Event "ICS rated blitz match"]
[Site "204.178.125.65"]
[Date "1999.08.16"]
[Round "?"]
[White "ParalyseCabbage"]
[Black "Hossa"]
[Result "1-0"]
[WhiteElo "2041"]
[BlackElo "2385"]
[PlyCount "158"]
[EventDate "1999.??.??"]

1. b3 e5 2. Bb2 Nc6 3. e3 e4 4. f3 d5 5. Bb5 Be6 6. Nc3 f5 7. Qe2 Nf6 8. O-O-O
Bb4 9. Kb1 a6 10. Bxc6+ bxc6 11. Qf2 O-O 12. h3 c5 13. Nce2 c6 14. f4 Qb6 15.
g4 fxg4 16. hxg4 Bxg4 17. Rh4 Rab8 18. Nh3 Bf3 19. Ng5 Bxe2 20. Qxe2 h6 21. Ne6
Rf7 22. Rg1 Re8 23. f5 Qb5 24. Qh2 h5 25. Bxf6 Bxd2 26. Qxd2 Rxe6 27. fxe6 Rxf6
28. Qg2 Qb7 29. Rxh5 Rxe6 30. Qg4 Rf6 31. Rg5 Rf7 32. Qe6 Kf8 33. Rf5 Rxf5 34.
Qxf5+ Kg8 35. Qe6+ Qf7 36. Qxc6 Qh5 37. Qe6+ Qf7 38. Qh3 Qb7 39. Rh1 Kf7 40.
Qf5+ Kg8 41. Rf1 Qe7 42. Rf4 Qd8 43. a3 a5 44. Qe6+ Kh7 45. Rf5 Qh4 46. Rxd5 c4
47. Qf5+ Kg8 48. Rd1 cxb3 49. cxb3 a4 50. Qd5+ Kh7 51. bxa4 Qe7 52. Qh5+ Kg8
53. Qd5+ Kh7 54. Rh1+ Kg6 55. Qh5+ Kf6 56. Qh4+ g5 57. Qh6+ Ke5 58. Qh2+ Ke6
59. Qb2 Kf5 60. Rf1+ Ke6 61. a5 Qc5 62. Rc1 Qxa5 63. Qb3+ Ke5 64. Qb4 Qd8 65.
Rc5+ Kf6 66. Qd4+ Qxd4 67. exd4 g4 68. Rc3 Ke6 69. a4 Kd5 70. a5 Ke6 71. a6 Kd5
72. a7 Kxd4 73. Rg3 Ke5 74. a8=Q Kf4 75. Qb8+ Kf5 76. Kc2 e3 77. Rxe3 Kf6 78.
Qf4+ Kg7 79. Re7+ 79... Kg6 {Hossa resigns} 1-0

[Event "ICS rated blitz match"]
[Site "204.178.125.65"]
[Date "1999.08.16"]
[Round "?"]
[White "bookbuilder"]
[Black "Hossa"]
[Result "1-0"]
[WhiteElo "2746"]
[BlackElo "2357"]
[PlyCount "100"]
[EventDate "1999.??.??"]

1. e4 e5 2. Nf3 Nc6 3. Bb5 a6 4. Ba4 b5 5. Bb3 Bc5 6. Nxe5 Nxe5 7. d4 Qh4 8.
dxc5 Qxe4+ 9. Kf1 Bb7 10. f3 Qh4 11. Qe2 Qe7 12. Bf4 f6 13. Be3 O-O-O 14. Kf2
f5 15. Nc3 Qh4+ 16. Kg1 Re8 17. Qf2 Qe7 18. Bd2 Nf6 19. Re1 Qf8 20. a4 b4 21.
Na2 a5 22. Nc1 d5 23. c3 Nc6 24. Rxe8+ Qxe8 25. cxb4 Nxb4 26. Bxb4 axb4 27. Nd3
Qe7 28. Bc2 Re8 29. h4 g6 30. b3 Nd7 31. Kh2 Qf6 32. Re1 Rxe1 33. Qxe1 f4 34.
h5 c6 35. Qxb4 Qh4+ 36. Kg1 g5 37. Qc3 Qxh5 38. Ne5 Nf8 39. Bf5+ Kb8 40. Nxc6+
Bxc6 41. Qb4+ Bb7 42. c6 Qf7 43. Bd7 Qxd7 44. cxd7 Nxd7 45. Qe7 Kc7 46. Qxg5
Bc6 47. Qxf4+ Kb7 48. g4 Kb6 49. Kf2 Kb7 50. Qh6 50... Nc5 {Hossa resigns} 1-0